000 00533nam a2200181 i 4500
001 68538
003 ES-MaACL
005 20230906170313.0
007 t|
008 960807s1897 sz ||||1| ita d
040 _aCAM
_bspa
_cCAM
100 1 _aGarofalo, Francesco P.
_955619
245 1 0 _aSu "Gli Helvetii"
_b: (corso di lezioni) /
_cFrancesco P. Garofalo.
260 _aNeuchatel :
_b[s.n.],
_c1897 (
_fRossier & Grisel)
300 _a80, [1] p. ;
_c24 cm.
651 4 _aSuiza-
_xHistoria.
_99418
852 _aES-MaACL
_jT-924-F-5
999 _c68538
_d68538